Regional income atlas of Madhya Pradesh (Record no. 496835)

000 -LEADER
fixed length control field 00382cam a22001097a 4500
008 - FIXED-LENGTH DATA ELEMENTS--GENERAL INFORMATION
fixed length control field 180718b1960 xxu||||| |||| 00| 0 eng d
082 ## - DEWEY DECIMAL CLASSIFICATION NUMBER
Classification number T112x5422 M269
245 ## - TITLE STATEMENT
Title Regional income atlas of Madhya Pradesh
Statement of responsibility, etc. by Directorate of Economics and Statistics
260 ## - PUBLICATION, DISTRIBUTION, ETC.
Place of publication, distribution, etc.
Name of publisher, distributor, etc. Government Central Press
Date of publication, distribution, etc. 1960
300 ## - PHYSICAL DESCRIPTION
Extent 112p
700 ## - ADDED ENTRY--PERSONAL NAME
Personal name Madhya Pradesh. Directorate of Economics and Statistics
Holdings
Withdrawn status Lost status Damaged status Not for loan Permanent Location Current Location Date acquired Full call number Barcode Date last seen Price effective from Koha item type
        Indian Institute of Public Administration Indian Institute of Public Administration 2018-08-04 T112x5422 M269 GR4312 2018-08-04 2018-08-04 GR

Powered by Koha